| 000 | 00646nam a2200181Ia 4500 | ||
|---|---|---|---|
| 008 | 090711s9999 xx 000 0 und d | ||
| 082 | _b79292 | ||
| 100 | _aक्लेमंट कॅथरिन | ||
| 245 | _aएडविना आणि नेहरु | ||
| 260 |
_bमेहता पब्लि. हाऊस _c1996 |
||
| 300 | _a432 | ||
| 600 | _aक्लेमंट कॅथरिन | ||
| 630 | _aएडविना आणि नेहरु | ||
| 700 | _aवाळिंबे वि. स. | ||
| 700 | _aक्लेमंट कॅथरिन | ||
| 730 | _aएडविना आणि नेहरु | ||
| 942 | _cBOOK | ||
| 999 |
_c306916 _d306916 |
||